000 00401 a2200121 4500
001 ART_3203
005 20260410161713.0
008 260409a
245 1 0 _aEl nuevo carácter del capitalismo en la Argentina.Respuesta a una crítica
100 1 _aGerchunoff, Pablo
700 1 _aLlach, Juan José
773 0 _tDesarrollo económico
_g- Vol. 15, Nº 60 (ene./mar. 1976)
_wREV1174
999 _c16235
_d16235